[Event "Open Dutch Champ"]
[Site "Dieren NED"]
[Date "2004.07.29"]
[Round "3"]
[White "Ikonnikov,Vy"]
[Black "Van der Poel,H"]
[Result "1-0"]
[WhiteElo "2543"]
[BlackElo "2303"]

1.d4 Nf6 2.Nf3 c5 3.d5 e6 4.c4 exd5 5.cxd5 d6 6.Nc3 g6 7.e4 Bg7 8.h3 O-O
9.Bd3 Nh5 10.O-O Nd7 11.Bg5 Bf6 12.Bh6 Re8 13.Be2 a6 14.a4 b6 15.Nd2 Ng7
16.Nc4 Ne5 17.Ne3 Ra7 18.Kh1 Nd7 19.Qd2 Bg5 20.Bxg5 Qxg5 21.Nc4 Qe7 22.f4 Nf6
23.Bf3 Nfh5 24.Kg1 Qd8 25.e5 dxe5 26.Bxh5 Nxh5 27.fxe5 Ng3 28.Rf3 Nf5 29.Ne4 Kg7
30.Nf6 Rf8 31.Raf1 b5 32.Ne3 Nd4 33.R3f2 Qb6 34.Neg4 Bxg4 35.Nxg4 Nf5 36.a5  1-0

[Event "7th Open"]
[Site "Korinthos GRE"]
[Date "2004.07.29"]
[Round "9"]
[White "Lymar,I"]
[Black "Mastrovasilis,A"]
[Result "0-1"]
[WhiteElo "2350"]
[BlackElo "2488"]

1.d4 Nf6 2.Nf3 e6 3.c4 c5 4.d5 d6 5.Nc3 exd5 6.cxd5 g6 7.e4 Bg7 8.h3 O-O
9.Bd3 Nbd7 10.O-O Nh5 11.Bg5 Bf6 12.Be3 a6 13.a4 b6 14.Be2 Re8 15.Nd2 Ng7
16.Nc4 Ne5 17.Na3 g5 18.Qd2 Ra7 19.f4 gxf4 20.Bxf4 Kh8 21.Kh1 Rg8 22.g4 Ne8
23.Nc4 Nxc4 24.Bxc4 Bd4 25.Ne2 Be5 26.Ra3 Qh4 27.Kg2 Nf6 28.Bxe5 dxe5 29.Ng3 Rg6
30.Be2 h5 31.Nf5 Bxf5 32.exf5 Rg5 33.Qc3 hxg4 34.hxg4 Nxg4 35.Qg3 Nh6 36.Rh1 Qe4+
37.Kf2 Rxg3  0-1

[Event "Open Dutch Champ"]
[Site "Dieren NED"]
[Date "2004.08.03"]
[Round "7"]
[White "Verholt,G"]
[Black "Burg,T"]
[Result "0-1"]
[WhiteElo "2116"]
[BlackElo "2062"]

1.d4 Nf6 2.c4 e6 3.Nf3 c5 4.d5 exd5 5.cxd5 d6 6.Nc3 g6 7.e4 Bg4 8.Be2 Bxf3
9.Bxf3 Bg7 10.O-O O-O 11.Bf4 a6 12.a4 Ne8 13.Qd2 Nd7 14.Bh6 Bxh6 15.Qxh6 Ng7
16.Be2 f5 17.exf5 Nxf5 18.Qh3 Nf6 19.Bd3 Nd4 20.Ne2 Nxe2+ 21.Bxe2 Qe7 22.Bg4 Nxg4
23.Qxg4 Rae8 24.b4 b6 25.a5 b5 26.bxc5 dxc5 27.Rad1 Qd6 28.f4 Rf5 29.Qf3 Rd8
30.Rfe1 Rxd5 31.Rxd5 Qxd5 32.Re8+ Kf7 33.Rxd8 Qxd8 34.Qb7+ Qe7 35.Qd5+ Qe6
36.Qb7+ Kf6 37.g3 h5 38.Qa8 Qd6 39.Kg2 c4 40.Kf3 Ke6 41.Qe4+ Kf6 42.Qa8 b4
43.Qh8+ Ke7 44.Qg7+ Kd8 45.Qg8+ Kc7 46.Qxc4+ Qc6+ 47.Qxc6+ Kxc6 48.Ke4 Kb5
49.Kd3 Ka4 50.Kc2 Kxa5 51.h3 Kb5 52.g4 hxg4 53.hxg4 Kc4 54.f5 gxf5 55.gxf5 Kd5
56.Kb3 a5  0-1

[Event "IV Mario Covas"]
[Site "Santos BRA"]
[Date "2004.08.06"]
[Round "7"]
[White "Marques,V"]
[Black "Milos,G"]
[Result "1/2-1/2"]
[WhiteElo "2378"]
[BlackElo "2601"]

1.d4 Nf6 2.c4 e6 3.Nf3 c5 4.d5 exd5 5.cxd5 d6 6.Nc3 g6 7.e4 Bg7 8.h3 O-O
9.Bd3 Nbd7 10.O-O a6 11.Bf4 Qe7 12.a4 b6 13.Re1 Nh5 14.Bg5 Bf6 15.Be3 Re8
16.Bf1 Ne5 17.Be2 Nxf3+ 18.Bxf3 Ng7 19.Qc2 Bd7 20.Be2 Be5 21.f4 Bxc3 22.bxc3 Qxe4
23.Bf3 Qc4 24.Be2 Qe4 25.Bf3  1/2-1/2

[Event "IV Mario Covas"]
[Site "Santos BRA"]
[Date "2004.08.08"]
[Round "9"]
[White "Marques,V"]
[Black "Leitao,R"]
[Result "0-1"]
[WhiteElo "2378"]
[BlackElo "2573"]

1.d4 Nf6 2.c4 e6 3.Nf3 c5 4.d5 exd5 5.cxd5 d6 6.Nc3 g6 7.Bf4 a6 8.a4 Bg7
9.h3 O-O 10.e3 Bf5 11.Nd2 Re8 12.Be2 Ne4 13.Ndxe4 Bxe4 14.O-O g5 15.Bh2 Bg6
16.e4  0-1

[Event "HZ Open"]
[Site "Vlissingen NED"]
[Date "2004.08.11"]
[Round "6"]
[White "Riedel,Ho"]
[Black "Rosmuller,A"]
[Result "1-0"]
[WhiteElo "2272"]
[BlackElo "2158"]

1.d4 Nf6 2.c4 e6 3.Nf3 c5 4.d5 exd5 5.cxd5 d6 6.Nc3 a6 7.a4 g6 8.e4 Bg4 9.Be2 Bxf3
10.Bxf3 Bg7 11.O-O O-O 12.Rb1 Nbd7 13.Bf4 Ne8 14.Qd2 c4 15.Be2 Rc8 16.Bg5 Nef6
17.f3 b5 18.axb5 axb5 19.b4 Ra8 20.Be3 Qb8 21.Ra1 Qb7 22.Bd4 Rfc8 23.Qb2 Ne8
24.Bxg7 Nxg7 25.Qd2 Qb6+ 26.Kh1 Ra6 27.f4 Rca8 28.Rae1 Ra3 29.Bd1 Re8 30.h4 f5
31.exf5 Rxe1 32.Qxe1 gxf5 33.Bc2 Nf8 34.Rf3 Ra8 35.Rg3 Qd4 36.Bxf5 Kh8 37.Be6 Qf6
38.Re3 Qxf4 39.Rf3 Qh6 40.Nxb5 Ngxe6 41.dxe6 Nxe6 42.Nxd6  1-0

[Event "14th Open"]
[Site "Abu Dhabi UAE"]
[Date "2004.08.14"]
[Round "1"]
[White "Yahya,M"]
[Black "Gozzoli,Y"]
[Result "0-1"]
[WhiteElo "2145"]
[BlackElo "2429"]

1.d4 Nf6 2.c4 c5 3.d5 e6 4.Nc3 exd5 5.cxd5 d6 6.Nf3 g6 7.Bf4 Bg7 8.e3 O-O
9.h3 Qe7 10.Be2 Nbd7 11.O-O Nh5 12.Bh2 f5 13.Nd2 Nhf6 14.Nc4 Ne8 15.Qd2 Ne5
16.Rad1 Bd7 17.a4 Nxc4 18.Bxc4 a6 19.Qc2 Rb8 20.a5 b5 21.axb6 Rxb6 22.Ra1 Nc7
23.Ra2 Be5 24.Bxe5 Qxe5 25.b3 f4 26.exf4 Rxf4 27.Na4 Rb8 28.Qc3 Qg5 29.Qg3 Qxg3
30.fxg3 Rxf1+ 31.Kxf1 Bxa4 32.Rxa4 Kg7 33.Ra2 Re8 34.Kf2 Kf6 35.Kf3 h6 36.Kf4 g5+
37.Kf3 Re5 38.Kf2 Re4 39.Kf3 Ke5 40.Bd3 Rd4 41.Bc4 Nxd5 42.Rxa6 Nf6 43.Bf7 Rd3+  0-1

[Event "14th Open"]
[Site "Abu Dhabi UAE"]
[Date "2004.08.17"]
[Round "4"]
[White "Saleh,Nab"]
[Black "Mohamed,Ho"]
[Result "1/2-1/2"]
[WhiteElo "2301"]
[BlackElo "2198"]

1.d4 c5 2.d5 Nf6 3.Nf3 e6 4.c4 exd5 5.cxd5 d6 6.Nc3 g6 7.Bf4 a6 8.a4 Bg7
9.e3 Bg4 10.Qb3 Bxf3 11.gxf3 b6 12.e4 O-O 13.Bg2 Nh5 14.Be3 Be5 15.Ne2 Qf6
16.Bh6  1/2-1/2

[Event "I Fincas Mediterranea"]
[Site "Castelldefels ESP"]
[Date "2004.08.22"]
[Round "5"]
[White "Hernando Rodrigo,Ju"]
[Black "Rios,Al"]
[Result "1-0"]
[WhiteElo "2362"]
[BlackElo "2308"]

1.d4 Nf6 2.c4 c5 3.d5 e6 4.Nc3 exd5 5.cxd5 d6 6.Nf3 g6 7.h3 Bg7 8.e4 O-O
9.Bd3 a6 10.a4 Nbd7 11.O-O Re8 12.Re1 Qc7 13.Bf4 Nh5 14.Bh2 Ne5 15.g4 Nxf3+
16.Qxf3 Nf6 17.Qf4 c4 18.Bf1 Rd8 19.e5 dxe5 20.Rxe5 Qb6 21.Re2 h5 22.Qxc4 Ne8
23.a5 Qa7 24.Na4 Bd7 25.Nb6 Bb5 26.Qb3 Bxe2 27.Bxe2 hxg4 28.Bxg4 Nd6 29.Nxa8 Qxa8
30.Rc1 Qa7 31.Qb4 Nb5 32.Qe7 Rxd5 33.Rc8+ Kh7 34.Qxf7 Qd4 35.Qf4 Rd8 36.Rxd8 Qxd8
37.Qe4 Qf8 38.Qxb7 Kh6  1-0

[Event "Knjaz Milos Jezero Open"]
[Site "Belgrade SCG"]
[Date "2004.08.25"]
[Round "9"]
[White "Jovanovic,Dras"]
[Black "Kosanovic,D"]
[Result "0-1"]
[WhiteElo "2240"]
[BlackElo "2339"]

1.d4 Nf6 2.c4 e6 3.Nf3 c5 4.d5 exd5 5.cxd5 d6 6.Nc3 g6 7.e4 a6 8.a4 Bg4 9.Be2 Bxf3
10.Bxf3 Nbd7 11.Bf4 Qe7 12.O-O Bg7 13.Re1 O-O 14.Qc2 Rab8 15.Be2 Rfc8 16.a5 Ne8
17.Bg4 Nef6 18.Be2 h5 19.Ra4 Ne8 20.Be3 Nc7 21.Rd1 Qf8 22.f4 b5 23.axb6 Rxb6
24.Rda1 Rcb8 25.R1a2 Qc8 26.e5 dxe5 27.f5 Qb7 28.fxg6 fxg6 29.Bc4 Kh8 30.d6 Rxd6
31.Ne4 Rd5 32.Ng5 e4 33.Bxd5 Nxd5 34.Qxe4 N7f6 35.Qe6 Re8 36.Qxa6 Qxa6 37.Rxa6 Rxe3
38.Ra8+ Ne8 39.Nf7+ Kg8 40.Nd6 Bd4 41.Kf1 Nc7 42.Rc8 Kg7 43.Nc4 Re7 44.Ra7 Kf6
45.Rd8 Ne6 46.Rxe7 Kxe7 47.Ra8 Nf4 48.Ra6 Nf6 49.Rb6 N4d5 50.Rb7+ Ke6 51.Ke2 Ng4
52.h3 Ne5 53.Nxe5 Kxe5 54.Kf3 Nb4 55.b3 Nd5 56.Rg7 Kf6 57.Ra7 Bc3 58.Ke4 Ne7
59.Rc7 Bb4 60.g4 h4 61.Rb7 Ke6 62.Rb6+ Kd7 63.Rb8 Bd2 64.Rb6 g5 65.Rh6 Bf4
66.Rb6 Bd6 67.Rb7+ Ke6 68.Ra7  0-1

[Event "Open"]
[Site "Kostrena CRO"]
[Date "2004.09.02"]
[Round "8"]
[White "Muslija,I"]
[Black "Plenca,J"]
[Result "0-1"]
[WhiteElo "2204"]
[BlackElo "2082"]

1.d4 e6 2.c4 Nf6 3.Nf3 c5 4.d5 exd5 5.cxd5 d6 6.Nc3 g6 7.e4 a6 8.a4 Bg4 9.Be2 Bxf3
10.Bxf3 Bg7 11.O-O O-O 12.g3 Nbd7 13.Bg2 c4 14.Re1 Ne5 15.Bf1 h5 16.Kg2 h4
17.f4 h3+ 18.Kxh3 Nfg4 19.Qe2 f5 20.fxe5 Bxe5 21.Kg2 Nxh2 22.Ra3 f4 23.Bxf4 Bxf4
24.gxf4 Rxf4 25.Nd1 Ng4 26.Kg1 Qb6+ 27.Kh1 Kg7 28.Bh3 Rh8 29.Kg2 Ne5 30.Qe3 Qa5
31.Qc3 Qd8 32.Qd4 Qh4 33.Nf2 Rhf8 34.Re2 Kh7 35.Rg3 Rf3 36.Rxf3 Rxf3 37.Be6 Rg3+
38.Kf1 Nf3 39.Rd2 Rg1+ 40.Ke2 Nxd4+ 41.Rxd4 Rg2  0-1

[Event "8th WUCC"]
[Site "Instanbul TUR"]
[Date "2004.09.05"]
[Round "1"]
[White "Bocharov,D"]
[Black "Bucher,D"]
[Result "1-0"]
[WhiteElo "2569"]
[BlackElo "2357"]

1.d4 Nf6 2.Nf3 c5 3.d5 e6 4.c4 exd5 5.cxd5 d6 6.Nc3 g6 7.h3 Bg7 8.e4 O-O
9.Bd3 Re8 10.O-O Nh5 11.Bg5 Bf6 12.Be3 b6 13.Nd2 Ba6 14.Bxa6 Nxa6 15.f4 Nb4
16.Rf3 g5 17.fxg5 Bxg5 18.Bxg5 Qxg5 19.Nc4 Rad8 20.Rf5 Qg7  1-0

[Event "TCh-CRO"]
[Site "Rabac CRO"]
[Date "2004.09.08"]
[Round "4"]
[White "Biliskov,V"]
[Black "Berebora,F"]
[Result "1/2-1/2"]
[WhiteElo "2325"]
[BlackElo "2404"]

1.d4 Nf6 2.c4 e6 3.Nf3 c5 4.d5 exd5 5.cxd5 d6 6.Nc3 a6 7.a4 g6 8.h3 Qe7 9.Bf4 Bg7
10.e3 O-O 11.Be2 Nbd7 12.O-O Rd8 13.Qc2 Ne5 14.Nxe5 dxe5 15.Bg5 h6 16.Bxf6 Qxf6
17.e4 b6 18.Nd1 Bf8 19.Ne3 Bd7 20.Qc3 Qf4 21.Nc4 Qxe4 22.Bf3 Qf4 23.Nxb6 Rab8
24.a5 Bb5 25.Rfe1 Bd6 26.g3 Qd4 27.Qc1 Bd3 28.Qxh6 e4 29.Bxe4 Bxg3 30.Qe3 Qxe3
31.Rxe3 Bxe4 32.Rxe4 Bc7 33.b4 Bxb6 34.axb6 Rxb6 35.bxc5 Rb5 36.Rc4 Rxd5
37.c6 Rbc5 38.Rxc5 Rxc5 39.Rxa6 Kf8  1/2-1/2

[Event "TCh-SCG Women"]
[Site "Budva SCG"]
[Date "2004.09.11"]
[Round "4"]
[White "Tuvic,N"]
[Black "Chelushkina,I"]
[Result "0-1"]
[WhiteElo "2049"]
[BlackElo "2373"]

1.d4 Nf6 2.c4 e6 3.Nf3 c5 4.d5 exd5 5.cxd5 d6 6.Nc3 g6 7.e4 a6 8.a4 Bg7 9.Be2 O-O
10.O-O Re8 11.Nd2 Nbd7 12.f4 Qc7 13.Qc2 Rb8 14.Nf3 c4 15.Kh1 Nc5 16.Bxc4 Ncxe4
17.Qb3 Bf5 18.Nd4 Nc5 19.Qd1 Bg4 20.Be2 Bxe2 21.Ndxe2 Nce4 22.Ra3 Qc5 23.Nxe4 Rxe4
24.Rd3 Rbe8 25.Nc3 R4e7 26.f5 Nd7 27.fxg6 hxg6 28.Bg5 Re5 29.Qd2 Qc4 30.Rdf3 Qg4
31.Bf4 Rh5 32.Bxd6 Be5 33.Bxe5 Nxe5 34.Rf4 Qg3 35.h3 Ng4 36.Rxg4 Qxg4 37.d6 Qe6
38.Rd1 Rd8 39.Nd5 Re5 40.d7 Kg7 41.Qa5 Rxd7 42.Qc3 Rxd5  0-1

[Event "Tatry Open"]
[Site "Tatranske Zruby SVK"]
[Date "2004.09.25"]
[Round "1"]
[White "Mosny,J"]
[Black "Hagarova,Z"]
[Result "0-1"]
[WhiteElo "2046"]
[BlackElo "2330"]

1.d4 Nf6 2.Nf3 e6 3.c4 c5 4.d5 d6 5.Nc3 exd5 6.cxd5 g6 7.Nd2 Bg7 8.e4 O-O
9.Be2 Re8 10.O-O a6 11.a4 Nbd7 12.f4 c4 13.e5 dxe5 14.Nxc4 Nb6 15.fxe5 Nfxd5
16.Rxf7 Nxc3 17.Qxd8 Nxe2+ 18.Kf2 Rxd8 19.Rxg7+ Kxg7 20.Nxb6 Nxc1  0-1

[Event "TCh-Vojvodina"]
[Site "Sombor SCG"]
[Date "2004.09.26"]
[Round "2"]
[White "Bodiroga,P"]
[Black "Leskur,D"]
[Result "1-0"]
[WhiteElo "2394"]
[BlackElo "2467"]

1.d4 Nf6 2.c4 c5 3.d5 e6 4.Nc3 exd5 5.cxd5 d6 6.Nf3 g6 7.h3 Bg7 8.Bg5 h6
9.Bh4 O-O 10.e3 Na6 11.Be2 Nc7 12.O-O Rb8 13.a4 b6 14.Nd2 Re8 15.Re1 Qd7
16.e4 a6 17.Bf3 b5 18.e5 Rxe5 19.Rxe5 dxe5 20.Bxf6 Bxf6 21.Bg4 Qd8 22.Nde4 Bxg4
23.Qxg4 bxa4 24.d6 Ne6 25.Rxa4 Rxb2 26.Rxa6 Bg7 27.Ra7 Nf4 28.Qd1 Rb4 29.Qa1 Qh4
30.Qa2 c4 31.Ra8+ Kh7 32.d7 Ne6 33.g3 Qxh3 34.d8=Q Nxd8 35.Rxd8 Qe6 36.Rd6 Qf5
37.Qe2 Rb8 38.Qxc4 Rc8 39.Qe2 h5 40.Kg2 Ra8 41.Rd3 Ra1 42.Rf3 Qg4 43.Rxf7 Qxe2
44.Nxe2 Kh6 45.N2c3 Ra6 46.Nd5 Ra8 47.Re7 Ra6 48.Ne3 Rc6 49.Nd5 Ra6 50.Re8 Ra4
51.Ndf6 Bxf6 52.Nxf6 Kg5 53.Nd7  1-0

[Event "TCh-Vojvodina"]
[Site "Sombor SCG"]
[Date "2004.09.27"]
[Round "4"]
[White "Tesic,D"]
[Black "Leskur,D"]
[Result "1/2-1/2"]
[WhiteElo "2375"]
[BlackElo "2467"]

1.d4 Nf6 2.Nf3 e6 3.c4 c5 4.d5 exd5 5.cxd5 d6 6.Nc3 g6 7.h3 a6 8.a4 Qe7 9.Bf4 Nbd7
10.e3 Bg7 11.Be2 O-O 12.Nd2 Ne5 13.O-O Ne8 14.a5 f5 15.Bh2 g5 16.Na4 Nf6
17.Nb6 Rb8 18.Ndc4 Nfd7  1/2-1/2

[Event "Tatry Open"]
[Site "Tatranske Zruby SVK"]
[Date "2004.09.27"]
[Round "4"]
[White "Behul,B"]
[Black "Poloch,P"]
[Result "1-0"]
[WhiteElo "2133"]
[BlackElo "2291"]

1.d4 Nf6 2.Nf3 c5 3.d5 e6 4.c4 exd5 5.cxd5 d6 6.Nc3 g6 7.e4 Bg7 8.Bb5+ Nbd7
9.Bf4 Qe7 10.O-O O-O 11.Re1 Ng4 12.Bg5 f6 13.Bh4 a6 14.Bf1 b5 15.Nd2 Nh6
16.Qc2 g5 17.Bg3 Ne5 18.a4 b4 19.Ne2 f5 20.f4 gxf4 21.Bxf4 fxe4 22.Nxe4 Bf5
23.N2g3 Bg6 24.Qd2 Nf5 25.Nxf5 Bxf5 26.Rac1 Bxe4 27.Rxe4 a5 28.Be2 Qh4 29.g3 Qh3
30.Bxe5 dxe5 31.Bg4 Qh6 32.Qxh6 Bxh6 33.Rxe5 Bg7 34.Re2 Bd4+ 35.Kg2 Rad8
36.b3 Kg7 37.Be6 Rfe8 38.Re4 Rf8 39.Rg4+ Kh8 40.Rf1 Rxf1 41.Kxf1 h6 42.Ke2 Rf8
43.h4 h5 44.Rg5 c4 45.bxc4 b3 46.Rf5 Rxf5 47.Bxf5 Bc5 48.Kf3 Kg7 49.g4 Kf6
50.Bb1 hxg4+ 51.Kxg4 Ke5 52.h5 Be3 53.Kf3 Bg5 54.Ke2 Kd4 55.d6 Kc5 56.d7 Kd6
57.Bf5 b2 58.h6 b1=Q 59.Bxb1 Kxd7 60.h7 Bf6 61.Kd3 Kd6 62.Ke4 Kc5 63.Kf5 Bc3
64.Bd3 Kd6 65.Kg6 Ke6 66.Bf5+ Kd6 67.Kf7 Kc5 68.Bd3 Kb4 69.Kg8 Kxa4 70.c5  1-0

[Event "79th ch-ARG"]
[Site "Buenos Aires ARG"]
[Date "2004.10.01"]
[Round "9"]
[White "Anelli,A"]
[Black "Fiori,A"]
[Result "1/2-1/2"]
[WhiteElo "2330"]
[BlackElo "2124"]

1.c4 Nf6 2.Nc3 e6 3.d4 c5 4.d5 exd5 5.cxd5 d6 6.Nf3 g6 7.g3 Bg7 8.Bg2 O-O
9.O-O Re8 10.Nd2 Na6 11.Nc4 Nc7 12.Bf4 Bf8 13.a4 Nh5 14.Qd2 Nxf4 15.Qxf4 b6
16.Rfd1 Ba6 17.h4 Bxc4 18.Qxc4 Bg7 19.e3 a6 20.Rab1 Rb8  1/2-1/2

[Event "YM"]
[Site "Winterthur SUI"]
[Date "2004.10.03"]
[Round "3"]
[White "Bucher,M"]
[Black "Kurmann,O"]
[Result "1/2-1/2"]
[WhiteElo "2213"]
[BlackElo "2312"]

1.d4 e6 2.c4 Nf6 3.Nf3 c5 4.d5 exd5 5.cxd5 d6 6.Nc3 g6 7.Nd2 Bg7 8.e4 O-O
9.Be2 Ne8 10.O-O f5 11.exf5 Bxf5 12.a4 Na6 13.Nc4 Nb4 14.Bf4 a6 15.a5 Nc2
16.Rc1 Nd4 17.Be3 Nc7 18.Nb6 Rb8 19.b4 Nxe2+ 20.Nxe2 cxb4 21.Qb3 Nb5 22.Qxb4 Qf6
23.Ng3 Rbe8 24.Rfd1 h5 25.Qd2 h4 26.Bg5 Qd4 27.Nxf5 Rxf5 28.Be3 Qf6 29.h3 Nc3
30.Re1 Kh7 31.Rc2 Qe5 32.Nc4 Qf6 33.Nb6 Nb5 34.Rc4 Qe7 35.Rec1 Bf6  1/2-1/2

[Event "Open"]
[Site "Liberec CZE"]
[Date "2004.10.25"]
[Round "3"]
[White "Benes,Pe1"]
[Black "Bjornsson,T"]
[Result "0-1"]
[WhiteElo "2134"]
[BlackElo "2240"]

1.d4 Nf6 2.Nf3 e6 3.c4 c5 4.d5 exd5 5.cxd5 d6 6.Nc3 g6 7.h3 Bg7 8.Bg5 h6
9.Bf4 O-O 10.e3 a6 11.a4 Qe7 12.Nd2 Nbd7 13.Nc4 Ne8 14.Be2 Rb8 15.a5 g5 16.Bh2 Ne5
17.Nb6 Nd7 18.Nxc8 Rxc8 19.Qc2 f5 20.Ra4 Be5 21.Bxe5 Nxe5 22.h4 g4 23.h5 c4
24.f4 gxf3 25.gxf3 f4 26.Qe4 fxe3 27.f4 Nf6 28.Qg2+ Kh8 29.fxe5 Qxe5 30.Rh4 Rg8
31.Qh2 Qf5 32.Raxc4 Rxc4 33.Rxc4 Qc2 34.Nd1 Qd2+ 35.Kf1 Qxd5 36.Nxe3 Qg5
37.Nd1 d5 38.Rf4 Ne4 39.Bg4 Qe5 40.Kg1 Qd4+ 41.Nf2 Qe3 42.Rxe4 dxe4 43.Qe5+ Rg7
44.Qf5 Qg5 45.Qxg5 Rxg5 46.Kf1 e3 47.Bc8 exf2 48.Bxb7 Rxa5 49.Kxf2 Ra2 50.Kg3 a5
51.b3 Ra3 52.Bd5 a4  0-1

[Event "3rd Masters"]
[Site "Rosny sous bois FRA"]
[Date "2004.10.25"]
[Round "3"]
[White "Kozakov,M"]
[Black "Cossin,S"]
[Result "1-0"]
[WhiteElo "2477"]
[BlackElo "2395"]

1.d4 Nf6 2.c4 e6 3.Nf3 c5 4.d5 exd5 5.cxd5 d6 6.Nc3 g6 7.Nd2 Nbd7 8.e4 Bg7
9.Be2 O-O 10.O-O a6 11.a4 Rb8 12.Re1 Ne8 13.a5 g5 14.Nc4 Ne5 15.Nb6 Qf6 16.Rf1 Bh6
17.Qc2 Qg6 18.Nd1 Nf6 19.Ra4 Kh8 20.Ne3 g4 21.Nxc8 Rbxc8 22.Nf5 Nf3+ 23.Bxf3 gxf3
24.Nh4 Qh5 25.Nxf3 Rg8 26.Ne1 Rg6 27.f3 Rcg8 28.b3 Bxc1 29.Qxc1 Qh4 30.e5 Qh3
31.Ra2 dxe5 32.Qxc5 Rh6 33.g3 Nh5 34.Rg2 Rhg6 35.d6 Qe6 36.f4 Qxd6 37.Qxd6 Rxd6
38.fxe5 Rd5 39.Re2 Rg5 40.Nf3 Rg7 41.Nh4 Rg5 42.Rxf7 Rgxe5 43.Rxe5 Rxe5 44.Rf5 Rxf5
45.Nxf5 Kg8 46.Nd6 Ng7 47.Kf2 Ne6 48.Nxb7 Nd4 49.Nc5 Nc6 50.Ke3 Kf7 51.Ke4 Ke7
52.Kd5 Nb4+ 53.Kc4 Nc6 54.b4 Nb8 55.Kd5  1-0

[Event "Open"]
[Site "Liberec CZE"]
[Date "2004.10.27"]
[Round "5"]
[White "Simecek,B"]
[Black "Bjornsson,T"]
[Result "1/2-1/2"]
[WhiteElo "2113"]
[BlackElo "2240"]

1.d4 Nf6 2.c4 c5 3.d5 e6 4.Nc3 exd5 5.cxd5 d6 6.Nf3 g6 7.h3 Bg7 8.e4 O-O
9.Bd3 a6 10.a4 Qe7 11.O-O Nbd7 12.Bf4  1/2-1/2

[Event "Extraliga CZE 2004-5"]
[Site "Czech Rep CZE"]
[Date "2004.11.07"]
[Round "2"]
[White "Jirka,J"]
[Black "Kanovsky,D"]
[Result "1-0"]
[WhiteElo "2372"]
[BlackElo "2392"]

1.d4 Nf6 2.c4 c5 3.d5 e6 4.Nc3 exd5 5.cxd5 d6 6.Nf3 g6 7.g3 Bg7 8.Bg2 O-O
9.O-O a6 10.a4 Nbd7 11.h3 Rb8 12.Bf4 Qe7 13.Rb1 Nh5 14.Bg5 f6 15.Bd2 f5 16.b4 cxb4
17.Rxb4 Nxg3 18.Re1 Nc5 19.Nd4 Nge4 20.Nxe4 fxe4 21.Be3 Bf5 22.Qd2 Qh4 23.Bg5 Qh5
24.Qe3 Rbe8 25.Bf4 Be5 26.Bxe5 Rxe5 27.Nb3 Nxb3 28.Rxb3 Bc8 29.Rb4 Qh4 30.Rc1 Rg5
31.Rxe4 Qh5 32.Kh2 Rgf5 33.Re8 Bd7 34.Rxf8+ Rxf8 35.Rc7 Bxa4 36.Qe6+ Kh8
37.Qxd6 Qh6 38.Qe5+ Kg8 39.d6 Qf4+ 40.Qxf4 Rxf4 41.Bd5+ Kf8 42.Kg3 Rd4 43.e4 h5
44.Rxb7 g5 45.Rh7  1-0

[Event "Lushki B"]
[Site "Serpukhov RUS"]
[Date "2004.11.21"]
[Round "4"]
[White "Nebolsina,V"]
[Black "Simantsev,M"]
[Result "1-0"]
[WhiteElo "2218"]
[BlackElo "2402"]

1.d4 c5 2.d5 d6 3.Nf3 Nf6 4.c4 e6 5.Nc3 exd5 6.cxd5 g6 7.e4 Bg7 8.h3 O-O
9.Bd3 a6 10.a4 b6 11.O-O Ra7 12.Bf4 Re7 13.Nd2 Ne8 14.Nc4 Qc7 15.Bg3 Bb7
16.f4 Bd4+ 17.Kh2 f5 18.Bh4 Ref7 19.Ne2 fxe4 20.Bxe4 Bf6 21.Bxf6 Nxf6 22.Bf3 b5
23.axb5 axb5 24.Ne3 Nbd7 25.Ng4 Re7 26.f5 Nxg4+ 27.Bxg4 Ne5 28.Nf4 gxf5 29.Be2 Qb6
30.Ne6 Rf6 31.Qd2 Rg6 32.Nf4 Rgg7 33.Nh5 Rgf7 34.Qg5+ Ng6 35.Nf4 c4 36.Bh5 Qe3
37.Rae1 Qxe1 38.Rxe1 Rxe1 39.Ne6 Bxd5 40.Qd8+ Rf8 41.Nxf8 Nxf8 42.Qg5+  1-0

[Event "17th Belgrade Trophy"]
[Site "Obrenovac SCG"]
[Date "2004.11.24"]
[Round "3"]
[White "Sajic,V"]
[Black "Spiric,I"]
[Result "0-1"]
[WhiteElo "2117"]
[BlackElo "2293"]

1.d4 Nf6 2.c4 c5 3.d5 e6 4.Nc3 exd5 5.cxd5 d6 6.Nf3 g6 7.g3 Bg7 8.Bg2 O-O
9.O-O a6 10.a4 Nbd7 11.h3 Re8 12.Nd2 Rb8 13.Nc4 Nb6 14.Na3 Bd7 15.a5 Nc8
16.Nc4 Bb5 17.Qb3 Bxc4 18.Qxc4 Nd7 19.Bd2 Ne5 20.Qa4 b5 21.axb6 Nxb6 22.Qc2 Nbc4
23.Bc1 Qb6 24.f4 Nd7 25.e4 Nxb2 26.Rb1 Qb3 27.Qxb3 Rxb3 28.Rxb2 Rxc3 29.Rb7 Bd4+
30.Kh2 Rc2 31.Kh1 Nf6 32.e5 Nh5 33.Kh2 dxe5 34.f5 e4 35.fxg6 hxg6 36.d6 Be5
37.Re7 Bxg3+ 38.Kg1 Rxe7 39.dxe7 Ng7 40.Bh6 Ne8 41.Rd1 f5 42.Bf1 Kf7 43.Bg5 Bf2+
44.Kh1 e3 45.Bd3 e2 46.Bxc2 c4 47.Kg2 e1=Q 48.Rxe1 Bxe1 49.Bd1 Nd6 50.Ba4 Nb5
51.Bd1 Nc3 52.Bc2 Nd5 53.Bd1 Nxe7 54.Be2 c3 55.Bxa6 Nd5 56.Kf1 Bd2 57.Bxd2 cxd2
58.Ke2 Nf4+ 59.Kxd2 Nxh3 60.Ke3 Kf6 61.Bc8 g5 62.Kf3 Nf4 63.Bb7 Ng6 64.Bc8 g4+
65.Kg3 Kg5 66.Bd7 f4+ 67.Kg2 Ne5 68.Bc8 Kh4 69.Bf5 g3 70.Be4 f3+ 71.Kg1 Kg4
72.Bd5 Kf4 73.Bb7 Ng4 74.Kh1 f2 75.Bg2 Ne3 76.Bh3 f1=Q+ 77.Bxf1 Nxf1  0-1

[Event "17th Belgrade Trophy"]
[Site "Obrenovac SCG"]
[Date "2004.11.27"]
[Round "6"]
[White "Pantovic,D"]
[Black "Peric,J"]
[Result "1-0"]
[WhiteElo "2127"]
[BlackElo "1911"]

1.d4 Nf6 2.Nf3 e6 3.c4 c5 4.d5 exd5 5.cxd5 d6 6.Nc3 g6 7.Bg5 Be7 8.e3 a6
9.a4 b6 10.Be2 Nbd7 11.O-O h6 12.Bh4 Nf8 13.Nd2 g5 14.Bg3 Ng6 15.f4 Bb7 16.Nc4 Nh7
17.f5 Nh4 18.Ne4 Bc8 19.Ncxd6+ Kf8 20.Nxc8 Qxc8 21.d6 Bd8 22.d7 Qc6 23.Qd6+ Qxd6
24.Bxd6+ Kg7 25.g3 Ra7 26.Rad1 Nf8 27.Be5+  1-0

[Event "TCh-SLO"]
[Site "Celje SLO"]
[Date "2004.12.04"]
[Round "8"]
[White "Sebenik,M"]
[Black "Sax,G"]
[Result "1/2-1/2"]
[WhiteElo "2413"]
[BlackElo "2560"]

1.d4 Nf6 2.Nf3 e6 3.c4 c5 4.d5 exd5 5.cxd5 d6 6.Nc3 g6 7.h3 a6 8.a4 Qe7 9.Bf4 Bg7
10.Nd2 O-O 11.Nc4 Rd8 12.Qb3 Ne8 13.e3 Nd7 14.Be2 Ne5 15.Nb6 Rb8 16.O-O Nd7
17.Nc4 Ne5 18.Nb6  1/2-1/2

[Event "Open"]
[Site "Banja Luka BIH"]
[Date "2004.12.10"]
[Round "7"]
[White "Lekic,D"]
[Black "Prelevic,D"]
[Result "0-1"]
[WhiteElo "2378"]
[BlackElo "2289"]

1.d4 Nf6 2.c4 c5 3.d5 e6 4.Nc3 exd5 5.cxd5 d6 6.Nf3 g6 7.Nd2 Bg7 8.e4 O-O
9.Be2 Nbd7 10.O-O a6 11.a4 Re8 12.f4 Rb8 13.Kh1 Qc7 14.Qe1 c4 15.Qh4 b5 16.axb5 axb5
17.e5 dxe5 18.fxe5 Rxe5 19.Nf3 Rxe2 20.Nxe2 Nxd5 21.Ng5 N7f6 22.Nc3 Qc6 23.Nxh7 Bb7
24.Nxd5 Qxd5 25.Nxf6+ Bxf6 26.Qg3 Re8 27.Bh6 Re2 28.Rf2 Rxb2 29.Rxb2 Bxb2
30.Re1 Bc6 31.Bg5 Bc3 32.Rg1 b4 33.Be7 Be5 34.Qg4 b3 35.Rd1 b2 36.Rxd5 Bxd5
37.Qd1 Be4  0-1

[Event "3rd Subasic Mem"]
[Site "Zenica BIH"]
[Date "2004.12.11"]
[Round "9"]
[White "Zivanic,M"]
[Black "Terzic,S"]
[Result "1-0"]
[WhiteElo "2435"]
[BlackElo "2289"]

1.d4 Nf6 2.c4 e6 3.Nf3 c5 4.d5 exd5 5.cxd5 d6 6.Nc3 g6 7.h3 Bg7 8.e4 O-O
9.Bd3 a6 10.a4 Re8 11.O-O c4 12.Bc2 b6 13.Qe2 Bb7 14.Qxc4 Nbd7 15.Be3 Rc8
16.Qe2 Nc5 17.Nd2 Ncxe4 18.Ndxe4 Nxe4 19.Nxe4 f5 20.Bd3 Ra8 21.Ng5 f4 22.Ne6 Rxe6
23.dxe6 Qg5 24.Qg4 Qxg4 25.hxg4 fxe3 26.fxe3 d5 27.Rae1 Be5 28.Rf7 Bc8 29.Ref1 Bg7
30.Re7  1-0

[Event "Open"]
[Site "Ashdod ISR"]
[Date "2004.12.12"]
[Round "4"]
[White "Mittelman,G"]
[Black "Kaplan,S"]
[Result "1-0"]
[WhiteElo "2440"]
[BlackElo "2325"]

1.d4 Nf6 2.Nf3 c5 3.d5 e6 4.c4 exd5 5.cxd5 d6 6.Nc3 g6 7.h3 Bg7 8.e4 O-O
9.Bd3 Na6 10.O-O Nc7 11.Re1 a6 12.a4 Rb8 13.Bf1 b5 14.e5 dxe5 15.d6 Ne6 16.axb5 axb5
17.Nxe5 Nd4 18.Bf4 Rb6 19.Nf3 Ne6 20.Be5 c4 21.Ra8 Qd7 22.Bxf6 Rxd6 23.Bxg7 Rxd1
24.Rxd1 Qc6 25.Bxf8 Qxa8 26.Be7 Bb7 27.Ng5 Qa6 28.Nxe6 Qxe6 29.Rd8+ Kg7 30.Bf8+  1-0

[Event "Open"]
[Site "Zadar CRO"]
[Date "2004.12.13"]
[Round "1"]
[White "Blagojevic,D"]
[Black "Ljubas,A"]
[Result "1-0"]
[WhiteElo "2527"]
[BlackElo "2119"]

1.d4 Nf6 2.c4 e6 3.Nf3 c5 4.d5 exd5 5.cxd5 d6 6.Nc3 g6 7.h3 Bg7 8.e4 O-O
9.Bd3 a6 10.a4 Re8 11.O-O Nbd7 12.Re1 Qc7 13.Be3 Rb8 14.Nd2 Ne5 15.Bf1 Ned7
16.Qb1 b6 17.Rc1 Qd8 18.Qc2 Bb7 19.Rab1 Rc8 20.Re1 Rf8 21.Nc4 Ne8 22.f4 Rb8
23.Bf2 b5 24.axb5 axb5 25.Nxb5 Bxd5 26.Nbxd6 Nxd6 27.exd5 Nxc4 28.Bxc4 Qf6
29.b3 Qxf4 30.Re4 Qd6 31.Rbe1 Be5 32.Qd3 f6 33.g4 g5 34.Kg2 Kg7 35.Qf3 Rfe8
36.h4 h6 37.Qf5 Nf8 38.Bg3 Bxg3 39.Rxe8 Ng6 40.Qxg6+ Kxg6 41.R1e7 Rxe8 42.h5+  1-0

[Event "Revolution Mem"]
[Site "Bucharest ROM"]
[Date "2004.12.15"]
[Round "1"]
[White "Christea,I"]
[Black "Ionescu,Co"]
[Result "1/2-1/2"]
[WhiteElo "2127"]
[BlackElo "2468"]

1.d4 Nf6 2.c4 e6 3.Nf3 c5 4.d5 exd5 5.cxd5 d6 6.Nc3 g6 7.Nd2 Bg7 8.Nc4 O-O
9.Bg5 Na6 10.e4 Nc7 11.a4 b6 12.Qd2 Re8 13.f3 Ba6 14.Rd1 Bxc4 15.Bxc4 a6
16.O-O Rb8 17.Qd3 Qc8 18.Rfe1 Nd7 19.f4 Qb7 20.e5 b5 21.axb5 axb5 22.Ba2 c4
23.Qh3 Qb6+ 24.Kh1 Nc5 25.Bb1 b4 26.Ne4 Nxe4 27.Bxe4 Nb5 28.e6 f5 29.Bb1 Bxb2
30.g4 fxg4 31.Qxg4 Nc3 32.Rd2 Nxb1 33.Rxb2 Qd4 34.Rbxb1 Qxd5+ 35.Qg2 Qxg2+
36.Kxg2 c3 37.Bf6 Rec8 38.Ra1 Rb7 39.Rec1 Re8 40.Rab1 Rbb8 41.Kf3 Kf8  1/2-1/2

[Event "Open"]
[Site "Zadar CRO"]
[Date "2004.12.16"]
[Round "5"]
[White "Lalic,B"]
[Black "Zufic,M"]
[Result "1/2-1/2"]
[WhiteElo "2515"]
[BlackElo "2370"]

1.d4 Nf6 2.c4 c5 3.d5 e6 4.Nf3 exd5 5.cxd5 d6 6.Nc3 g6 7.Nd2 Bg7 8.Nc4 O-O
9.Bf4 Ne8 10.Qd2 b6 11.Nb5 Ba6 12.a4 Qd7 13.Ncxd6 Nxd6 14.Bxd6 Rd8 15.Bc7 Re8
16.e3 Re4 17.Bg3 Rb4 18.Nc3  1/2-1/2